000 00831cam a22002774a 4500
001 12812036
003 OSt
005 20171123095221.0
008 020610s2003 scua 001 0 eng
010 _a 2002108264
020 _a9781932628272
035 _a(DLC) 2002108264
040 _aDLC
_cDLC
_dDLC
042 _apcc
050 0 0 _aQA152.3
_b.S58 2008
082 0 0 _a512
_222
100 1 _aSisson, Paul.
245 1 0 _aCollege algebra /
_cPaul Sisson.
260 _aCharleston, SC :
_bHawkes Pub.,
_cc2008
300 _axx, 876 p. :
_bcol. ill. ;
_c26 cm.
500 _aIncludes indexes.
650 0 _aAlgebra.
906 _a7
_bcbc
_corignew
_d3
_eepcn
_f20
_gy-gencatlg
942 _2lcc
_cBK
999 _c51764
_d51764